000 00582nam a2200205Ia 4500
005 20250508164403.0
008 008 250505s9999 xx 000 0 hin d
020 _a978-81-267-1240-3
037 _aTextual
040 _aFEDL
_beng
_cFEDL
041 _ahin
_2hin
084 _a891.433, KAS
_qFEDL
100 _aKashi Nath Singh
_9606961
245 0 _aGhar ka jogi jogda
260 _aNew Delhi, India
_bRajkamal Prakashan
_c2006
300 _a134p.
650 _aHindi literature-Fiction
_9722739
942 _cTEXL
_h891.433, KAS
999 _c1388881
_d1388881